|
|
|
|
| LEADER |
00730nam a2200217 i 4500 |
| 001 |
acta38852 |
| 005 |
20230328150403.0 |
| 008 |
161201s2010 hu o 0|| hun d |
| 020 |
|
|
|a 978 963 9954 31 1
|
| 040 |
|
|
|a SZTE Egyetemi Kiadványok Repozitórium
|b hun
|
| 041 |
|
|
|a hun
|
| 245 |
0 |
0 |
|a Nézőpont és jelentés
|h [elektronikus dokumentum]
|
| 260 |
|
|
|a Grimm
|b Szeged
|c 2010
|
| 300 |
|
|
|a 293 p.
|c 20 cm
|
| 490 |
0 |
|
|a Studia poetica
|v 4
|
| 650 |
|
4 |
|a Bölcsészettudományok
|
| 650 |
|
4 |
|a Nyelvek és irodalom
|
| 695 |
|
|
|a Szemantika - tanulmányok, Narratológia - tanulmányok
|
| 700 |
0 |
1 |
|a Szabó Erzsébet
|
| 700 |
0 |
1 |
|a Vecsey Zoltán
|
| 856 |
4 |
0 |
|u http://acta.bibl.u-szeged.hu/38852/1/studia_poetica_suppl_004.pdf
|z Dokumentum-elérés
|